South Eastern Kenya University

Library Online Public Access Catalogue


Big issues : impacting the growth of God's church / perception from the Anglican Church (Record no. 18292)

MARC details
000 -LEADER
fixed length control field 00456nam a22001697a 4500
003 - CONTROL NUMBER IDENTIFIER
control field OSt
005 - DATE AND TIME OF LATEST TRANSACTION
control field 20230412070018.0
008 - FIXED-LENGTH DATA ELEMENTS--GENERAL INFORMATION
fixed length control field 230412b |||||||| |||| 00| 0 eng d
015 ## - NATIONAL BIBLIOGRAPHY NUMBER
Source 9789966134035
040 ## - CATALOGING SOURCE
Original cataloging agency SEKU
050 ## - LIBRARY OF CONGRESS CALL NUMBER
Classification number BL 240
Item number .W36
100 ## - MAIN ENTRY--PERSONAL NAME
Personal name Wambunya, Tim
245 ## - TITLE STATEMENT
Title Big issues : impacting the growth of God's church / perception from the Anglican Church
300 ## - PHYSICAL DESCRIPTION
Extent 580p.:
650 ## - SUBJECT ADDED ENTRY--TOPICAL TERM
Source of heading or term Big issues
General subdivision God's Church
942 ## - ADDED ENTRY ELEMENTS (KOHA)
Source of classification or shelving scheme Library of Congress Classification
Koha item type General circulation
Holdings
Withdrawn status Lost status Source of classification or shelving scheme Damaged status Not for loan Home library Current library Shelving location Date acquired Source of acquisition Total Checkouts Full call number Barcode Date last seen Price effective from Koha item type
    Library of Congress Classification     Kitui Town Campus Library Kitui Town Campus Library General Stacks 12/04/2023 Donation   [KTI] BL 240 .W36 2023/025937 12/04/2023 12/04/2023 General circulation
    Library of Congress Classification     Main Campus Library Main Campus Library General Stacks 12/04/2023 Donation   BL 240 .W36 2023/025936 12/04/2023 12/04/2023 General circulation
    Library of Congress Classification     SEHSS - Library SEHSS - Library General Stacks 12/04/2023 Donation   BL 240 .W36 2023/025938 12/04/2023 12/04/2023 General circulation
Kitui, Kenya.
+254736116989
library@seku.ac.ke